| 000 | 00697pam a2200229 a 4500 | ||
|---|---|---|---|
| 001 | 4771355 | ||
| 005 | 20180313052822.0 | ||
| 008 | 861208s1987 nyu b 000 0 eng | ||
| 010 | _a 86031942 | ||
| 020 |
_a0824001370 (alk. paper) : _c$80.00 |
||
| 040 |
_aDLC _cDLC _dDLC |
||
| 041 | _aeng | ||
| 043 | _an-us--- | ||
| 080 | _a342.73/0872 hal | ||
| 082 | 0 | 0 |
_a342.73/0872 hal _a347.302872 _219 |
| 100 | _a15 | ||
| 101 | _ajur | ||
| 245 | 0 | 4 |
_aThe Law of American slavery : _cedited with an introduction by Kermit L. Hall. |
| 504 | _aIncludes bibliographical references. | ||
| 906 |
_a7 _bcbc _corignew _d1 _eocip _f19 _gy-gencatlg |
||
| 942 |
_2ddc _cBK |
||
| 999 |
_c44852 _d44852 |
||